Statistics for Boston Celtics Roster 2015

Click here to take the quiz!

General Stats

  • This quiz has been taken 67 times
  • The average score is 8 of 15

Answer Stats

Hint Answer % Correct
#4Isaiah Thomas
85%
#0Avery Bradley
82%
#99Jae Crowder
80%
#36Marcus Smart
73%
#7Jared Sullinger
60%
#90Amir Johnson
55%
#12Terry Rozier
47%
#41Kelly Olynyk
44%
#44Tyler Zeller
40%
#11Evan Turner
38%
#28R.J. Hunter
36%
#8Jonas Jerebko
36%
#13 (D-League)James Young
35%
#42David Lee
31%
#55 (D-League)Jordan Mickey
31%

Score Distribution

Percentile by Number Answered

Percent of People with Each Score

Your Score History

You have not taken this quiz